Certification as a Quality Management Tool in Waste Management

Salvato in:
Dettagli Bibliografici
Autore principale: Podlasová, Anežka
Altri autori: Herbrik, Gabriel
Natura: Capitolo di libro
Lingua:inglese
Soggetti:
Tags: Aggiungi Tag
Nessun Tag, puoi essere il primo ad aggiungerne!!

MARC

LEADER 00000nla a2200000 4500
001 0240632
005 20240502073920.9
041 0 |a eng 
044 |a SK 
245 1 0 |a Certification as a Quality Management Tool in Waste Management  |c Anežka Podlasová, Gabriel Herbrik 
500 |a Abstrakt 
610 2 0 |a riadenie kvality 
610 2 0 |a certifikácia 
610 2 0 |a hospodárstvo odpadové 
610 2 0 |a environmentalistika 
100 1 |a Podlasová, Anežka 
700 1 |a Herbrik, Gabriel